Normal view MARC view
  • Long, Roger D.

Entry Personal Name

Number of records used in: 4

001 - CONTROL NUMBER

  • control field: 5226

003 - CONTROL NUMBER IDENTIFIER

  • control field: NUST

005 - DATE AND TIME OF LATEST TRANSACTION

  • control field: 20171004122202.0

008 - FIXED-LENGTH DATA ELEMENTS

  • fixed length control field: 171004|| aca||aabn | a|a d

040 ## - CATALOGING SOURCE

  • Original cataloging agency: NUST
  • Transcribing agency: NUST

100 ## - HEADING--PERSONAL NAME

  • Personal name: Long, Roger D.

670 ## - SOURCE DATA FOUND

  • Source citation: Work cat.: (NUST)0: Metz, William S. (William Stafford), 1918-1971. 5225, The political career of Mohammad Ali Jinnah /, 2010.
© 2023 Central Library, National University of Sciences and Technology. All Rights Reserved.